Crecimiento económico colombiano y sus efectos sobre el desarrollo social y regional 1905-2019 / (Registro nro. 31016)
[ vista simple ]
| 000 -CABECERA | |
|---|---|
| campo de control de longitud fija | 00660nam a22001817a 4500 |
| 008 - CÓDIGOS DE INFORMACIÓN DE LONGITUD FIJA | |
| fixed length control field | 250619b |||a ||| |||| 00| 0 spa d |
| 020 ## - NÚMERO INTERNACIONAL NORMALIZADO PARA LIBROS | |
| ISBN | 9789586644709 |
| 040 ## - Fuente de catalogación | |
| Agencia original de catalogación | CO-JMCR |
| Agencia de transcripción | CO-JMCR |
| Agencia de modificación | CO-JMCR |
| Lenguaje de catalogación | spa |
| Convenciones de descripción | rda |
| 041 0# - CÓDIGO DE LENGUA | |
| Código idioma | spa |
| 082 ## - NÚMERO DE LA CLASIFICACIÓN DECIMAL DEWEY | |
| Edition number | 23 |
| Número de clasificación Decimal | 338.900 |
| Número de documento (Cutter) | O15c |
| 100 1# - PUNTO DE ACCESO PRINCIPAL-NOMBRE DE PERSONA | |
| Nombre personal | Ocampo, José Antonio, |
| 9 (RLIN) | 48091 |
| 245 14 - TÍTULO PROPIAMENTE DICHO | |
| Título | Crecimiento económico colombiano y sus efectos sobre el desarrollo social y regional 1905-2019 / |
| Mención de responsabilidad, etc. | José Antonio Ocampo, Carmen Astrid Romero. |
| 250 ## - DECLARACIÓN DE EDICIÓN | |
| Declaración de edición | 1a. Ed |
| 260 ## - PUBLICACIÓN, DISTRIBUCIÓN, ETC. (PIE DE IMPRENTA) | |
| Lugar de publicación, distribución, etc. | Bogotá: |
| Nombre del editor, distribuidor, etc. | Banco de la republica, |
| Fecha de publicación, distribución, etc. | 2023. |
| 300 ## - DESCRIPCIÓN FÍSICA | |
| Extensión | xxix, 380 Páginas : |
| Otros detalles físicos | Ilustraciones; |
| Dimensiones | 24 cm. |
| 700 1# - AUTOR SECUNDARIO - PERSONA | |
| Nombre de persona | Romero, Carmen Astrid |
| 9 (RLIN) | 183998 |
| Withdrawn status | Lost status | Source of classification or shelving scheme | Damaged status | Not for loan | Collection code | Home library | Current library | Shelving location | Date acquired | Source of acquisition | Total Checkouts | Full call number | Barcode | Date last seen | Copy number | Price effective from | Koha item type |
|---|---|---|---|---|---|---|---|---|---|---|---|---|---|---|---|---|---|
| Dewey Decimal Classification | Non-fiction | Biblioteca Pública José María del Castillo y Rada | Biblioteca Pública José María del Castillo y Rada | Book Cart | 11/25/2024 | Donación | 338.900 O15c | 201812695 | 06/19/2025 | Ej.1 | 06/19/2025 | Books |